000 00480nam a22001817a 4500
003 OSt
005 20250709154853.0
008 250709b |||||||| |||| 00| 0 eng d
020 _a9789395736367
040 _cMUST
082 _aQS 604 L25m 2023
100 _aEdited by Sabita, Mishra; Sadler, T.W
_919367
245 _aLangman's Medical Embryology
300 _aXVII, 346p.;
_bcol. iil:
_c28cm
504 _aIncludes indexes
650 _aEmbryology
_961
942 _2z
_cO_SHELF
999 _c9510
_d9510